000 00612nam a2200217Ia 4500
008 220216s9999 xx 000 0 und d
100 _aRajan K.
245 0 _aSoil organic carbon: The most reliable indicator for monitoring land degradation by soil erosion
260 _bCurrent Science
_c2010
300 _a823-827
650 _aErosion
650 _aLand degradation
650 _aMultivariate anlaysis
650 _aQuality indicators
650 _aSoil organic carbon
700 _aAnil Kumar K.S.
700 _aBadrinath M.S.
700 _aGowda R.C.
700 _aNatarajan A.
942 _cJS
999 _c68856
_d68856